000 00270nam a2200097 a 4500
005 20201002034447.0
008 130911s2004 000 spa d
245 0 _aAnuario estadistico de la República Dominicana del año 1938.
260 _as. l.,
_cs.f.
999 _c40386
_d40386
040 _aDO-SdBNP